Szczegóły MARC21

Mapy tematów jako podstawa semantyzacji języka haseł przedmiotowych /

003 -Nazwa inst., której nr kontr. jest w polu 001 [,]
    • @
    • Nazwa instytucji, której n kontrolny jest w polu 001
    • NUKAT
005 -DATA I CZAS OSTATNIEJ MODYFIKACJI [,]
    • @
    • pole kontrolne
    • 20241231094430.0
020 -Międzynarod. znormalizowany nr książki - ISBN [ , ]
    • a
    • Numer ISBN
    • 9788364203626 Find
040 -Instytucja sporządzająca opis [ , ]
    • a
    • Instytucja, która sporządziła opis (NP)
    • WA M/ES
    • c
    • Instytucja, która sporządziła rekord (NP)
    • WA M/ES
    • d
    • Instytucja, która zmodyfikowała rekord (P)
    • WA M/LA
    • d
    • Instytucja, która zmodyfikowała rekord (P)
    • BSTOK U/LUs
    • d
    • Instytucja, która zmodyfikowała rekord (P)
    • POZN U/JŁs
942 -Rodzaj dokumentu [ , ]
    • c
    • Rodzaj dokumentu
    • Książka
100 -Hasło główne - nazwa osobowa [1, ]
    • a
    • Nazwa osobowa (NP)
    • Włodarczyk, Bartłomiej
    • c
    • Dopowiedzenie inne niż daty biograficzne (P)
    • (bibliotekoznawstwo).
    • 9
    • KHW
    • 93086
245 -Strefa tytułu i oznaczenia odpowiedzialności [1,0]
    • a
    • Tytuł
    • Mapy tematów jako podstawa semantyzacji języka haseł przedmiotowych / Find
    • c
    • Pozostałe elementy strefy tytułu i oznaczenia odpowiedzialności (NP)
    • Bartłomiej Włodarczyk ; Stowarzyszenie Bibliotekarzy Polskich.
246 -Wariant tytułu [1,5]
    • a
    • Tytuł (NP)
    • Topic maps as the basis of the semantization of subject headings
246 -Wariant tytułu [1,4]
    • a
    • Tytuł (NP)
    • Mapy tematów w językach haseł przedmiotowych
260 -Strefa adresu wydawniczego [ , ]
    • a
    • Miejsce wydania (P)
    • Warszawa :
    • b
    • Nazwa wydawcy (P)
    • Wydawnictwo Stowarzyszenia Bibliotekarzy Polskich,
    • c
    • Data wydania (P)
    • 2016.
300 -Strefa opisu fizycznego [ , ]
    • a
    • Określenie formy książki i/lub objętość (NP)
    • 322, [2] s. :
    • b
    • Oznaczenie ilustracji (NP)
    • il. (w tym kolor.) ;
    • c
    • Format (NP)
    • 24 cm.
336 -Typ zawartości [ , ]
    • a
    • Termin opisujący typ zawartości
    • Tekst
    • b
    • Kod określający zawartość
    • txt
    • 2
    • Źródło (terminu i kodu)
    • rdacontent
337 -Typ mediów [ , ]
    • a
    • Tryb odtwarzania
    • Bez urządzenia pośredniczącego
    • b
    • Kod typu mediów
    • n
    • 2
    • Źródło (terminu i kodu)
    • rdamedia
338 -Typ/rodzaj nośnika [ , ]
    • a
    • Hasło opisujące typ nośnika
    • Wolumin
    • b
    • Kod typu nośnika
    • nc
    • 2
    • Źródło (terminu i kodu)
    • rdacarrier
490 -Strefa serii i książki wielotomowej - forma nie do wyszukiwania [1, ]
    • a
    • Tytuł (P)
    • Nauka, Dydaktyka, Praktyka = Find
    • a
    • Tytuł (P)
    • Science, Didactics, Practice ; Find
    • v
    • Numeracja (P)
    • 167
830 -Hasło dodatkowe serii i opisu książki wielotomowej - tytuł ujednolicony/tytuł [ ,0]
    • a
    • Tytuł ujednolicony/tytuł (NP)
    • Nauka, Dydaktyka, Praktyka
    • v
    • Oznaczenie tomu (NP)
    • 167
    • 9
    • KHW
    • 7614
504 -Uwaga dot. bibliogr. załącznikowej [ , ]
    • a
    • Uwaga dot. bibliografii załącznikowej
    • Bibliogr. s. 268-288.
080 -Uniwersalna Klasyfikacja Dziesiętna [ , ]
    • 2
    • Identyfikator wydania tablic
    • UDC-P058
    • 9
    • UKD
    • 2289
    • a
    • Symbol klasyfikacji
    • 025.4
    • b
    • Dopowiedzenie
    • Języki informacyjno-wyszukiwawcze. Klasyfikacja. Indeksowanie.
080 -Uniwersalna Klasyfikacja Dziesiętna [ , ]
    • 2
    • Identyfikator wydania tablic
    • UDC-P058
    • 9
    • UKD
    • 2469
    • a
    • Symbol klasyfikacji
    • 167/168
    • b
    • Dopowiedzenie
    • Metodologia. Badania naukowe. Metody naukowe. Metoda analityczna. Metoda syntetyczna. Klasyfikacja. Hipotezy. Dowód. Prawa i reguły naukowe. Teorie naukowe. Systematyka naukowa. Klasyfikacja nauk.
080 -Uniwersalna Klasyfikacja Dziesiętna [ , ]
    • 2
    • Identyfikator wydania tablic
    • UDC-P058
    • 9
    • UKD
    • 1881
    • a
    • Symbol klasyfikacji
    • 001.102-047.24
    • b
    • Dopowiedzenie
    • Wyszukiwanie informacji. Technika wyszukiwania informacji. Zapytania informacyjne (kwerendy).
650 -Hasło przedmiotowe [ ,7]
    • a
    • Hasło przedmiotowe
    • Języki haseł przedmiotowych.
    • 2
    • Źródło terminu
    • kaba
    • 9
    • KHW
    • 113554
650 -Hasło przedmiotowe [ ,7]
    • a
    • Hasło przedmiotowe
    • Języki haseł przedmiotowych polskich.
    • 2
    • Źródło terminu
    • kaba
    • 9
    • KHW
    • 113560
650 -Hasło przedmiotowe [ ,7]
    • a
    • Hasło przedmiotowe
    • Języki informacyjno-wyszukiwawcze.
    • 2
    • Źródło terminu
    • kaba
    • 9
    • KHW
    • 113567
650 -Hasło przedmiotowe [ ,7]
    • a
    • Hasło przedmiotowe
    • Języki informacyjno-wyszukiwawcze
    • x
    • Określnik rzeczowy
    • semantyka.
    • 2
    • Źródło terminu
    • kaba
    • 9
    • KHW
    • 374402
650 -Hasło przedmiotowe [ ,7]
    • a
    • Hasło przedmiotowe
    • Język haseł przedmiotowych Biblioteki Narodowej
    • x
    • Określnik rzeczowy
    • innowacje.
    • 2
    • Źródło terminu
    • kaba
    • 9
    • KHW
    • 391212
980 -Symbol UKD [ , ]
    • a
    • UKD
    • 025.4:167/168:001.102-047.24
710 -Hasło dodatkowe - nazwa ciała zbiorowego [2, ]
    • a
    • Nazwa ciała zbiorowego lub nazwa geograficzna jako pierwszy element (NP)
    • Stowarzyszenie Bibliotekarzy Polskich.
    • b
    • Nazwa jednostki podrzędnej (P)
    • Wydawnictwo.
    • 4
    • Kod relacji
    • pbl
    • 9
    • KHW
    • 52190
710 -Hasło dodatkowe - nazwa ciała zbiorowego [2, ]
    • a
    • Nazwa ciała zbiorowego lub nazwa geograficzna jako pierwszy element (NP)
    • Stowarzyszenie Bibliotekarzy Polskich.
    • 9
    • KHW
    • 8334
920 -ISBN [ , ]
    • a
    • ISBN
    • 978-83-64203-62-6 Find
Numer inwentarzowy Status udost. Data inwentaryzacji Lokalizacja
E.76457-22016-04-06BE
Inf.65512016-04-06BG
P.2532112016-04-06BM